000 00755nam a2200205 i 4500
001 46543
003 ES-MaACL
005 20231222062607.0
007 t|
008 030408s1905 sp ||||1| spa d
100 1 _aBonilla y San Martín, Adolfo,
_d1875-1926
_930193
245 1 0 _aComienza el decir antiguo, q. Aphanto Ucalego compuso a honor y gloria de Juan Valera.
260 _aBarcelona :
_bAdolfo Bonilla y San Martín,
_c[1905] (
_fImp. Elzeviriana)
300 _a[8] p. ;
_c20 cm.
500 _aEjemplar sin port., título tomado del principio del texto.
594 _aAphanto Ucalego es seudónimo de Adolfo Bonilla y San Martín.
600 1 4 _aValera, Juan,
_d1824-1905
_9112638
852 4 _aES-MaACL
_jT-1000-F-1
999 _c46543
_d46543